000 00642nam a2200229Ia 4500
003 OSt
005 20220924114810.0
006 a|||||r|||| 00| 0
007 ta
008 220923b |||||||| |||| 00| 0 ara d
024 _a340802
037 _cTextual
040 _aARTS
_cARTS
_bara
041 _2ara
_aara
082 _aP28:3, 28M6
100 _aZaif Sahuqi Au.
_9175442
245 0 _aTaiseer annahu attaalimi qadiman-o-hadisan
260 _aCairo
_bDarul Muarif Misr
_c1986
650 _aARABIC LANGUAGE - GRAMMAR
_939799
942 _hP28:3, 28M6
_cTEXL
_2CC
999 _c395348
_d395348